| 000 | 00617nam a2200217 a 4500 | ||
|---|---|---|---|
| 005 | 20210223132323.0 | ||
| 008 | 140328s2007 mx r 000 0 spa d | ||
| 020 | _a9707322144 (10 dígitos) | ||
| 020 | _a9789707322141 (13 dígitos) | ||
| 035 | _aUPN01000196639 | ||
| 049 | _aI | ||
| 050 | 4 |
_aML3930 V4 _bB6.7 |
|
| 100 | 1 |
_aBoetto, Aldo _935547 |
|
| 245 | 1 | 0 |
_aSoy Verdi / _cAldo Boetto. |
| 260 |
_aMéxico : _bLectorum, _c2007. |
||
| 300 |
_a[30] p. : _bil. col. |
||
| 440 | 0 | _aFlauta de pan | |
| 600 | 1 | 4 |
_aVERDI, GIUSEPPE, _d1813-1901 - _vLITERATURA JUVENIL _913313 |
| 905 | _aInfantil | ||
| 999 |
_c168740 _d168740 |
||